Wireless network coexistence /

Bibliographic Details
Main Author: Morrow, Robert (Robert K.)
Format: Book
Language:English
Published: New York : McGraw-Hill, 2004.
Series:McGraw-Hill networking professional.
Subjects:

MARC

Tag First Indicator Second Indicator Subfields
LEADER 00000cam a22000004a 4500
001 in00002010528
005 20151031143020.0
008 040601s2004 nyua b 001 0 eng
010 |a  2004051962 
015 |a GBA467566  |2 bnb 
016 7 |a 006914752  |2 Uk 
020 |a 0071399151 
035 |a (OCoLC)ocm55644664 
040 |a DLC  |c DLC  |d YDX  |d UKM  |d TXA  |d UtOrBLW 
042 |a pcc 
049 |a TXAM 
050 0 0 |a TK5105.78  |b .M67 2004 
082 0 0 |a 004.6/8  |2 22 
100 1 |a Morrow, Robert  |q (Robert K.) 
245 1 0 |a Wireless network coexistence /  |c Robert Morrow. 
264 1 |a New York :  |b McGraw-Hill,  |c 2004. 
300 |a xvii, 444 pages :  |b illustrations ;  |c 24 cm. 
336 |a text  |b txt  |2 rdacontent 
337 |a unmediated  |b n  |2 rdamedia 
338 |a volume  |b nc  |2 rdacarrier 
490 1 |a McGraw-Hill networking professional 
504 |a Includes bibliographical references and index. 
650 0 |a Wireless LANs. 
650 0 |a Internetworking (Telecommunication) 
830 0 |a McGraw-Hill networking professional. 
948 |a cataloged  |b h  |c 2004/11/19  |d c  |e ceaton  |f 11:59:01 am 
994 |a C0  |b TXA 
999 |a MARS 
999 f f |s 8e2e3bae-2643-3723-bc75-c3ac851b6077  |i f16eef7d-f364-3a3d-9f4e-0a3320ea55f9  |t 0 
952 f f |p ric  |a Texas A&M University  |b Rellis Campus  |c Joint Library Facility  |d Remote Storage  |t 0  |e TK5105.78 .M67 2004  |h Library of Congress classification  |i unmediated -- volume  |m A14831627947 
998 f f |a TK5105.78 .M67 2004  |t 0  |l Remote Storage